000 00417cam a22001097a 4500
008 180718b1963 xxu||||| |||| 00| 0 eng d
082 _aI54801x54 Un3g
245 _aGuidance for the press in the president emergency
_cissued by Ministry of Information and Broadcasting
260 _aNew Delhi
_bMinistry of Information and Broadcasting
_c1963
300 _a15+p
700 _aIndia. Ministry of Information and Broadcasting
999 _c491583
_d491583